Catálogo
 En Linea

Miedo en un puñado de polvo : (Registro nro. 21752)

Detalles MARC
000 -CABECERA
campo de control de longitud fija 00663nam a2200181 a 4500
001 - NÚMERO DE CONTROL
campo de control 000022254
005 - FECHA Y HORA DE LA ÚLTIMA TRANSACCIÓN
campo de control 20240305103442.0
008 - DATOS DE LONGITUD FIJA--INFORMACIÓN GENERAL
campo de control de longitud fija 100921s1964 ag 000 0 spa d
040 ## - FUENTE DE LA CATALOGACIÓN
Centro catalogador/agencia de origen DO-SdBNP
Lengua de catalogación spa
Centro/agencia transcriptor BNPHU
082 ## - NÚMERO DE LA CLASIFICACIÓN DECIMAL DEWEY
Número de clasificación XXX
Número de documento/Ítem I37m
049 ## - FONDOS LOCALES (OCLC)
Fondos de biblioteca BNPD
100 1# - ENTRADA PRINCIPAL--NOMBRE DE PERSONA
Nombre de persona Incháustegui Cabral, Héctor,
Fechas asociadas al nombre 1912-1979
9 (RLIN) 21024
245 10 - MENCIÓN DE TÍTULO
Título Miedo en un puñado de polvo :
Resto del título Prometeo, Filoctetes, Hipólito /
Mención de responsabilidad, etc. Héctor Inchaustegui Cabral.
260 ## - PUBLICACIÓN, DISTRIBUCIÓN, ETC.
Lugar de publicación, distribución, etc. Buenos Aires :
Nombre del editor, distribuidor, etc. Americalee,
Fecha de publicación, distribución, etc. 1964.
300 ## - DESCRIPCIÓN FÍSICA
Extensión 254 p. ;
Dimensiones 23 cm.
500 ## - NOTA GENERAL
Nota general Incluye datos biográficos del autor en la contracubierta
590 ## - NOTA LOCAL (RLIN)
Nota local Perteneció a la biblioteca personal de Juan Isidro Jimenes Grullón
Existencias
Estado de retiro Estado de pérdida Restricciones de uso No para préstamo Código de colección Localización permanente Ubicación/localización actual Ubicación en estantería Fecha de adquisición Número de inventario Total de préstamos Signatura topográfica completa Código de barras Fecha visto por última vez Precio válido a partir de Tipo de ítem Koha
      Excluido de préstamo Monografías: Libros y Folletos Patrimonio Dominicano Patrimonio Dominicano En catalogación 21.09.2010 LF1   XXX I37m 22254-10 25.06.2020 25.06.2020 No se presta

Con tecnología Koha